00494nam a2200145Ia 4500008004100000024001500041082001700056100002200073245004200095260002500137600002100162650003800183952011000221999001700331250506s9999 xx 000 0 und d a008-006-BS a004.1072 FAI aFaizan Bin Fakhar 0aCentral Scheduling System (code book) aKarachi:bUIT,c2008 aComputer Science aBachelor of Computer Science (BS) 001040708PR-CSaUITUbUITUd2022-07-26l0o004.1072 FAIpBS-389-Ar2025-05-06 11:34:27w2025-05-06yPR c28479d28479